| 000 | 00000nas 2200000za 4500 |
| 001 | 9.808344 |
| 003 | CaOODSP |
| 005 | 20221107140346 |
| 007 | cr ||||||||||| |
| 008 | 151229d19821995oncqr p oss f000#a0eng|d |
| 022 | |y0713-9098 |
| 040 | |aCaOODSP|beng |
| 041 | |aeng|afre |
| 043 | |an-cn--- |
| 086 | 1 |aCS47-006-PDF |
| 245 | 00|aProduction and shipments of blow-moulded plastic bottles |h[electronic resource] = |bProduction et livraisons de bouteilles de plastiques formées par soufflage. |
| 246 | 11|aProduction et livraisons de bouteilles de plastiques formées par soufflage |
| 246 | 13|aProduction et expéditions de bouteilles de plastique formées par soufflage |fJune 1988-Dec. 1995 |
| 260 | |a[Ottawa] : |bStatistics Canada = Statistique Canada, |c1982-1996. |
| 310 | |aQuarterly |
| 362 | 0 |aVol. 1, no. 1 (Mar. 31, 1982)-v. 14, no. 4 (Dec. 31, 1995). |
| 500 | |aDigitized edition from print [produced by Statistics Canada]. |
| 546 | |aText in English and French. |
| 550 | |aIssued Mar. 31, 1982-Dec. 31, 1984 by Manufacturing and Primary Industries Division; Mar. 31, 1985-Dec.31, 1995 by Industry Division. |
| 692 | 07|2gccst|aPlastics industry |
| 692 | 07|2gccst|aManufacturing industry |
| 710 | 1 |aCanada. |bStatistics Canada. |bIndustry Division. |
| 710 | 1 |aCanada. |bStatistics Canada. |bManufacturing and Primary Industries Division. |
| 776 | 0#|tProduction and shipments of blow-moulded plastic bottles. |w(CaOODSP)9.508198 |
| 780 | 00|tProduction and shipments of plastic bottles |w(CaOODSP)9.829580 |
| 792 | |tProduction and shipments of blow-moulded plastic bottles |efre|w(CaOODSP)9.808352 |